| Tag |
First Indicator |
Second Indicator |
Subfields |
| LEADER |
00000cam a2200000 4500 |
| 001 |
in00000093665 |
| 005 |
20150927070208.0 |
| 008 |
761207s1948 xx 00000 eng |
| 010 |
|
|
|a 49049352
|
| 035 |
|
|
|a (OCoLC)02604774
|
| 035 |
|
|
|9 AAL5513AM
|
| 040 |
|
|
|a DLC
|c KSU
|d TXA
|d UtOrBLW
|
| 049 |
|
|
|a TXAM
|c [418283]
|
| 050 |
|
0 |
|a TS250
|b .C62
|
| 082 |
0 |
|
|a 695.4
|
| 110 |
2 |
|
|a Copper and Brass Research Association, New York.
|
| 245 |
1 |
0 |
|a Modern application of sheet copper in building construction ;
|b a handbook for architects and sheet-metal contractors, draftsmen and artisans, students and apprentices /
|c Prepared under the direction of John F. Gowen.
|
| 264 |
|
1 |
|a New York,
|b [publisher not identified] ;
|c 1948.
|
| 300 |
|
|
|a 144 pages :
|b illustrations ;
|c 28 cm.
|
| 336 |
|
|
|a text
|b txt
|2 rdacontent
|
| 337 |
|
|
|a unmediated
|b n
|2 rdamedia
|
| 338 |
|
|
|a volume
|b nc
|2 rdacarrier
|
| 650 |
|
0 |
|a Copperwork.
|
| 650 |
|
0 |
|a Sheet-metal work.
|
| 700 |
1 |
|
|a Gowen, John Fellows.
|
| 740 |
0 |
|
|a Sheet copper in building construction.
|
| 999 |
|
|
|a MARS
|
| 999 |
f |
f |
|s 7e852cc3-3254-307e-949b-94e4ec414a84
|i bf75aaff-df05-3598-8619-9598920cdc35
|t 0
|
| 952 |
f |
f |
|p ric
|a Texas A&M University
|b Rellis Campus
|c Joint Library Facility
|d Remote Storage
|t 0
|e TS250 .C62
|h Library of Congress classification
|i unmediated -- volume
|m A14805644636
|
| 998 |
f |
f |
|a TS250 .C62
|t 0
|l Remote Storage
|